000 01694nam a2200397 c 4500
003 BLK
005 20240623004013.0
008 180411b bul|||||r ||||||| ||bul||
010 _aKNG00191198000
040 _aBLK
041 _aBUL
_cBUL
080 _aБългарска литература
_b821.163.2
_x(092)
_z821.163.2(092)
080 _aАнгел Тодоров Тошков. Български поет, преводач, публицист и общественик
_b929 Тодоров, Ангел
_x
_z929 Тодоров, Ангел
100 1 _aГригоров, Георги Марков
_eпърви автор
_9251748
139 _aГригоров, Георги Марков
_bТ 64
245 1 0 _aАнгел Тодоров
_bРазговори и беседи
_cГеорги Марков Григоров.
257 _aBGR
260 София
_bБълг. писател
_c1986
_fВраца : В. Александров
300 _a232 с., 6 л.
_bил., портр.
_c20 см
380 _a82
490 1 _aЛитературни анкети
500 _aИменен показалец
600 1 4 _aТодоров, Ангел
_9342881
650 0 _aПисатели, български - биографии
_9243085
650 4 _aТодоров, Ангел
_9342881
653 _aАнгел Тодоров
653 _aбългарски писатели
653 _aлитературна критика
653 _aбиографии
852 _aЦб 142894
856 4 _qpdf
_u
856 4 _qpdf
_u
942 _cKNG
_n0
944 _aCR
_c30.09.2016
_k
_lCRON CRON
944 _aED
_c30.09.2016
_kХристина_Везирева
999 _c182275
_d182275